Country Phone Code - Statistics

General Stats
  • This quiz has been taken 11 times
  • The average score is 19 of 196
Answer Stats
Hint Answer % Correct
Sweden 46
67%
Canada 1
50%
United Kingdom 44
50%
Denmark 45
50%
Afghanistan 93
50%
United States 1
33%
Egypt 20
33%
Algeria 213
33%
Mauritania 22
33%
South Africa 27
33%
Greece 30
33%
Netherlands 31
33%
Belgium 32
33%
France 33
33%
Spain 34
33%
Romania 40
33%
Switzerland 41
33%
Azerbaijan 43
33%
Norway 47
33%
Poland 48
33%
Germany 49
33%
Mexico 52
33%
Morroco 212
17%
Tunisia 216
17%
Libya 218
17%
Gambia 220
17%
Senegal 221
17%
Mali 223
17%
Guinea 224
17%
Ivory Coast 225
17%
Burkina Faso 226
17%
Togo 228
17%
Mauritius 230
17%
Liberia 231
17%
Sierra Leone 232
17%
Ghana 233
17%
Nigeria 234
17%
Chad 235
17%
Central African Republic 236
17%
Cameroon 237
17%
Cape Verde 238
17%
Sao Tome andPrincipe 239
17%
Equatorial Guinea 240
17%
Bahamas 242
17%
Republic of Congo 242
17%
Portugal 351
17%
Luxembourg 352
17%
Ireland 353
17%
Albania 355
17%
Finland 358
17%
Hungary 36
17%
Italy 39
17%
Belize 502
17%
Guatemala 502
17%
El Salvador 503
17%
Honduras 504
17%
Nicaragua 505
17%
Costa Rica 506
17%
Panama 507
17%
Haiti 509
17%
Cuba 53
17%
Argentina 54
17%
Botswana 55
17%
Chile 56
17%
Colombia 57
17%
Venezuela 58
17%
Malaysia 60
17%
Austria 61
17%
Federate States of Micronesia 61
17%
Peru 61
17%
Indonesia 62
17%
Phillippines 63
17%
New Zealand 64
17%
Singapore 65
17%
Thailand 66
17%
Kazakhstan 7
17%
Russia 7
17%
Japan 81
17%
South Korea 82
17%
Vietnam 84
17%
China 86
17%
Turkey 90
17%
India 91
17%
Pakistan 92
17%
Sri Lanka 94
17%
Myanmar 95
17%
Iran 98
17%
South Sudan 211
0%
Gabon 241
0%
Democratic Republic of the Congo 243
0%
Angola 244
0%
Guinea-Bissau 245
0%
Barbados 246
0%
Brazil 246
0%
Seychelles 248
0%
Sudan 249
0%
Rwanda 250
0%
Ethiopia 251
0%
Somalia 252
0%
Djibouti 253
0%
Kenya 254
0%
Tanzania 255
0%
Uganda 256
0%
Burundi 257
0%
Mozambique 258
0%
Zambia 260
0%
Madagascar 261
0%
Zimbabwe 263
0%
Namibia 264
0%
Malawi 265
0%
Lesotho 266
0%
Bosnia and Herzegovina 267
0%
Antigua and Barbuda 268
0%
Swaziland(Eswatini) 268
0%
Comoros 269
0%
Niger 277
0%
Eritrea 291
0%
Australia 297
0%
Benin 299
0%
Iceland 354
0%
Malta 356
0%
Cyprus 357
0%
Bulgaria 359
0%
Lithuania 370
0%
Latvia 371
0%
Estonia 372
0%
Moldova 373
0%
Armenia 374
0%
Belarus 375
0%
Andorra 376
0%
Monaco 377
0%
San Marino 378
0%
Vatican 379
0%
Ukraine 380
0%
Serbia 381
0%
Montenegro 382
0%
Kosovo 383
0%
Croatia 385
0%
Slovenia 386
0%
North Macedonia 389
0%
Czech Republic 420
0%
Slovakia 421
0%
Leichenstein 423
0%
Bhutan 441
0%
Grenada 473
0%
Bolivia 591
0%
Guyana 592
0%
Ecuador 593
0%
Paraguay 595
0%
Suriname 597
0%
Uruguay 598
0%
East Timor 670
0%
Brunei 673
0%
Nauru 674
0%
Papua New Guinea 675
0%
Tonga 676
0%
Solomon Islands 677
0%
Vanuatu 678
0%
Fiji 679
0%
Palau 680
0%
Samoa 685
0%
Kiribati 686
0%
Tuvalu 688
0%
Marshall Islands 692
0%
St Lucia 758
0%
Dominica 767
0%
St Vincent and the Grenadines 784
0%
Dominican Republic 809829 849
0%
North Korea 850
0%
Cambodia 855
0%
Laos 856
0%
Trinidad and Tobago 868
0%
St Kitts and Nevis 869
0%
Jamaica 875
0%
Bangladesh 880
0%
Taiwan 886
0%
Maldives 960
0%
Lebanon 961
0%
Syria 963
0%
Iraq 964
0%
Jordan 965
0%
Kuwait 965
0%
Saudi Arabia 966
0%
Yemen 967
0%
Oman 968
0%
United ArabEmirates 971
0%
Israel 972
0%
Bahrain 973
0%
Qatar 974
0%
Mongolia 976
0%
Tajikistan 992
0%
Turkmenistan 993
0%
Georgia 995
0%
Kyrgyzstan 996
0%
Uzbekistan 996
0%
Nepal 997
0%
No matching quizzes found
Score Distribution
Percent of People with Each Score
Percentile by Number Answered
Your Score History
You have not taken this quiz